000 00811cam a2200277 a 4500
999 _c5603
_d5603
001 5603
003 BD-JhCC
005 20171219093656.0
008 831122s1984 cau b 001 0 eng
020 _a0534032443 :
_c$34.50
020 _a053032443
035 _a(BD-JhCC)5603
040 _aDLC
_cDLC
_dDLC
041 _aeng
050 0 0 _aKF4549
_b.S35 1984
082 0 0 _a342.73
_219
_bSCH 1984
100 1 _aSchmidhauser, John R.
_q(John Richard),
_d1922-
245 1 0 _aConstitutional law in American politics /
_cJohn R. Schmidhauser.
260 _aMonterey, Calif. :
_bBrooks/Cole Pub. Co.,
_cc1984.
300 _axxv, 639 p. ;
_c24 cm.
500 _aIncludes index.
504 _aBibliography: p. 629-633.
650 0 _aConstitutional law
_zUnited States
_xCases.
942 _2ddc
_cBK